Statistiken für Länder, die an DR. Kongo grenzen

Klicken Sie hier um das Quiz zu spielen!

Allgemein

  • Dieses Quiz wurde 91 mal gespielt
  • Das Durchschnittsergebnis liegt bei 8 aus 9

Antwortstatistiken

Länder% Korrekt
Zentralafrikanische Republik
96%
Angola
95%
Republik Kongo
93%
Ruanda
93%
Burundi
91%
Uganda
91%
Südsudan
85%
Tansania
85%
Sambia
84%

Verteilung der Resultate

Perzentil nach korrekt beantworteten Fragen

Anzahl Personen mit jedem Resultat

Ihre Resultats-Entwicklung

Sie haben dieses Quiz noch nicht gespielt